Catálogo
 En Linea

Desconocidos y maltratados : (Registro nro. 13925)

Detalles MARC
000 -CABECERA
campo de control de longitud fija 01012cam a2200241 a 4500
001 - NÚMERO DE CONTROL
campo de control 000014330
003 - IDENTIFICADOR DEL NÚMERO DE CONTROL
campo de control DO-SdBNP
005 - FECHA Y HORA DE LA ÚLTIMA TRANSACCIÓN
campo de control 20231228093616.0
008 - DATOS DE LONGITUD FIJA--INFORMACIÓN GENERAL
campo de control de longitud fija 971031s1997 mx a s 000 0 spa
040 ## - FUENTE DE LA CATALOGACIÓN
Centro catalogador/agencia de origen DO-SdBNP
Lengua de catalogación spa
Centro/agencia transcriptor BNPHU
082 #4 - NÚMERO DE LA CLASIFICACIÓN DECIMAL DEWEY
Número de clasificación 331.31
Número de documento/Ítem D448m
Número de edición 22
245 00 - MENCIÓN DE TÍTULO
Título Desconocidos y maltratados :
Resto del título los otros héroes /
Mención de responsabilidad, etc. coordinadores Pastora L. Ferráez Lepe, Roberto Pérez Valenzuela.
260 ## - PUBLICACIÓN, DISTRIBUCIÓN, ETC.
Lugar de publicación, distribución, etc. Colima :
Nombre del editor, distribuidor, etc. Gobierno del Estado de Colima ;
-- Universidad de Colima,
Fecha de publicación, distribución, etc. 1997.
300 ## - DESCRIPCIÓN FÍSICA
Extensión 211 p. :
Otras características físicas il. ;
Dimensiones 28 cm.
650 #4 - PUNTO DE ACCESO ADICIONAL DE MATERIA--TÉRMINO DE MATERIA
Término de materia o nombre geográfico como elemento de entrada Trabajo de menores
Subdivisión general Estadísticas
Subdivisión geográfica México
-- Colima (Estado)
9 (RLIN) 32340
650 #4 - PUNTO DE ACCESO ADICIONAL DE MATERIA--TÉRMINO DE MATERIA
Término de materia o nombre geográfico como elemento de entrada Trabajo infantil
Subdivisión general Estadísticas
Subdivisión geográfica México
-- Colima (Estado)
9 (RLIN) 32341
650 #4 - PUNTO DE ACCESO ADICIONAL DE MATERIA--TÉRMINO DE MATERIA
Término de materia o nombre geográfico como elemento de entrada Menores trabajadores
Subdivisión general Estadísticas
Subdivisión geográfica México
-- Colima (Estado)
9 (RLIN) 32342
650 #0 - PUNTO DE ACCESO ADICIONAL DE MATERIA--TÉRMINO DE MATERIA
Término de materia o nombre geográfico como elemento de entrada Abuso del niño
Subdivisión general Estadísticas
Subdivisión geográfica México
-- Colima (Estado)
9 (RLIN) 32343
700 1# - PUNTO DE ACCESO ADICIONAL--NOMBRE DE PERSONA
Nombre de persona Ferráez Lepe, Pastora L.
9 (RLIN) 32344
700 1# - PUNTO DE ACCESO ADICIONAL--NOMBRE DE PERSONA
Nombre de persona Pérez Valenzuela, Roberto.
9 (RLIN) 32345
910 ## - DATOS DE OPCIÓN DEL USUARIO (OCLC)
Datos de opción del usuario Catalogación por copia/LC
942 ## - ELEMENTOS DE PUNTO DE ACCESO ADICIONAL (KOHA)
Fuente del sistema de clasificación o colocación Dewey Decimal Classification
Tipo de ítem Koha Libro
Existencias
Estado de retiro Estado de pérdida Restricciones de uso No para préstamo Código de colección Localización permanente Ubicación/localización actual Ubicación en estantería Fecha de adquisición Número de inventario Total de préstamos Signatura topográfica completa Código de barras Fecha visto por última vez Precio válido a partir de Tipo de ítem Koha
        Monografías: Libros y Folletos General General En catalogación 09.12.2009 LF1   331.31 D448m 14330-10 25.06.2020 25.06.2020 Préstamo en sala

Con tecnología Koha